Name the Egyptian Cities - Statistics

General Stats
  • This quiz has been taken 15 times
  • The average score is 8 of 27
Answers on the Map
Answers color-coded by a green-red scale on the quiz's map according to % correct below.
 
Answer Stats
City % Correct
Alexandria
100%
Cairo
100%
Luxor
100%
Aswan
83%
Giza
67%
Portsaid
50%
Sinai
42%
Hurghada
25%
Qena
25%
Suez
25%
Asyut
17%
Beni Suef
17%
Damietta
17%
Fayoum
17%
Ismailia
17%
Sohag
17%
Arish
8%
Damanhur
8%
Kafr El-Sheikh
8%
Mansoura
8%
Sharm El-Sheikh
8%
Tanta
8%
Zagazig
8%
Banha
0%
Minya
0%
Rafah
0%
Shebin El-Kom
0%
No matching quizzes found
Score Distribution
Percent of People with Each Score
Percentile by Number Answered
Your Score History
You have not taken this quiz